| 000 | 00854nam a2200277 i 4500 | ||
|---|---|---|---|
| 001 | bgj | ||
| 245 | 1 | 0 |
_aDuden : _bRedewendungen : Wörterbuch der deutschen Idiomatik / _chrsg. von der Dudenredaktion ; [red. bearb., Brigitte Alsleben]. |
| 246 |
_aRedewendungen : _bWörterbuch der deutschen Idiomatik. |
||
| 250 | _aWyd. 3. | ||
| 260 |
_aMannheim : _bDudenverlag, _c2002. |
||
| 300 |
_a995 s. ; _c20 cm. |
||
| 490 | 0 |
_aDer Duden in zwölf Bänden ; _vBd. 11 |
|
| 650 | 9 | _aJęzyk niemiecki | |
| 655 | _aSłowniki | ||
| 700 | 1 | _aALSLEBEN, Brigit. | |
| 710 | _aDudenredaktion (Bibliographisches Institut). | ||
| 830 | _aDuden in 12 Bänden | ||
| 020 | _a3411040129 | ||
| 040 | _cBPK | ||
| 041 | 0 | _ager | |
| 044 | _aDEU | ||
| 080 | _a811.112.2(03) | ||
| 920 | _a3-411-04012-9 | ||
| 942 | _cKS | ||
| 008 | s gw f |000 0 ger | ||
| 999 |
_c49425 _d49425 |
||
| 856 |
_uhttp://koha.tu.koszalin.pl/cgi-bin/koha/opac-detail.pl?biblionumber=49425 _yKatalog online BPK |
||